01328 2200505 4500001002100000005001500021035002000036007000300056008004100059020002200100082001000122084001600132100002500148245015500173250001000328300003300338500003700371650002000408700002800428700002200456264003000478336002100508337003000529338002300559990001200582990001200594990001200606990001200618990001200630990001200642990001200654990001200666990001200678990001200690990001200702990001200714990001200726990001200738990001200750990001200762990001200774990001200786990001200798990001200810INLIS00000000000025720231025081313 a0010-1023000038ta231025 0 ind  a978-979-29-7118-7 a629.2 a629.2 FUR p0 aFurqon, ZePengarang1 aPemeliharaan Listrik Sepeda Motor Program Keahlian Teknik Otomotif SMK/MAK Kelas XI :bKompetensi Keahlian Teknik Dan Bisnis Sepeda Motor /cZ. Furqon aed. 2 aix, 212 hlm :bilus ;c25 cm aKurikulum 2013 Edisi Revisi 2017 4aTeknik Otomotif0 aJoko PramonoePengarang0 aVenanePenyunting aYogyakarta :bAndi,c2018 2rdacontentateks 2rdamediaatanpa perantara 2rdacarrieravolume a21.0225 a21.0226 a21.0227 a21.0228 a21.0229 a21.0230 a21.0231 a21.0232 a21.0233 a21.0234 a21.0235 a21.0236 a21.0237 a21.0238 a21.0239 a21.0240 a21.0241 a21.0242 a21.0243 a21.0244